Images That Start with 'SP' Quiz Stats

 Plays Quiz Updated Nov 8, 2017

Score 0/20 Timer 05:00
3 Plays Today
% Correct
spoon
98.4%
spray
97.5%
Spain
96.6%
speedometer
95.1%
spiral
93.1%
spices
91.4%
spotlight
91.4%
spine
90%
springer spaniel
86.5%
spade
80.7%
% Correct
sponge
80.7%
Sporcle
78%
spigot
77.2%
spreadsheet
75.1%
spur
63.4%
sprouts
59%
spelunkers
58.6%
sprocket
45%
spittoon
43.9%
spearmint
41.9%

You're not logged in!

Compare scores with friends on all Sporcle quizzes.
OR
Log In

Show Comments

Extras

Top Quizzes Today


Score Distribution

Your Account Isn't Verified!

In order to create a playlist on Sporcle, you need to verify the email address you used during registration. Go to your Sporcle Settings to finish the process.

Report this User

Report this user for behavior that violates our Community Guidelines.

Details: